<?xml version="1.0" encoding="UTF-8"?>
<collection xmlns="http://www.loc.gov/MARC21/slim">
 <record>
  <leader>01048pam a22002298a 4500</leader>
  <controlfield tag="001">00024832</controlfield>
  <controlfield tag="005">20171026081025.0</controlfield>
  <controlfield tag="008">110724s2005                  ||||||viesd</controlfield>
  <datafield tag="041" ind1="0" ind2="#">
   <subfield code="a">vie</subfield>
  </datafield>
  <datafield tag="082" ind1="1" ind2="4">
   <subfield code="a">657</subfield>
   <subfield code="b">K250T</subfield>
  </datafield>
  <datafield tag="245" ind1="0" ind2="0">
   <subfield code="a">Kế toán tài chính</subfield>
  </datafield>
  <datafield tag="260" ind1="#" ind2="#">
   <subfield code="a">H.</subfield>
   <subfield code="b">Tài chính</subfield>
   <subfield code="c">2005</subfield>
  </datafield>
  <datafield tag="300" ind1="#" ind2="#">
   <subfield code="a">1014tr.</subfield>
   <subfield code="b">hình vẽ</subfield>
   <subfield code="c">20cm.</subfield>
  </datafield>
  <datafield tag="500" ind1="#" ind2="#">
   <subfield code="a">ĐTTS ghi: Trường đại học Kinh tế Tp. Hồ Chí Minh. Khoa Kế toán - Kiểm toán.Bộ môn Kế toán tài chính</subfield>
  </datafield>
  <datafield tag="653" ind1="#" ind2="#">
   <subfield code="a">Doanh nghiệp</subfield>
  </datafield>
  <datafield tag="653" ind1="#" ind2="#">
   <subfield code="a">Tài chính</subfield>
  </datafield>
  <datafield tag="653" ind1="#" ind2="#">
   <subfield code="a">Kế toán</subfield>
  </datafield>
  <datafield tag="852" ind1="#" ind2="#">
   <subfield code="b">Kho giáo trình</subfield>
   <subfield code="j">KGT.0018227, KGT.0018228, KGT.0018229, KGT.0018230, KGT.0018231, KGT.0018232, KGT.0018233, KGT.0032790, KGT.0033207, KGT.0047514</subfield>
  </datafield>
  <datafield tag="852" ind1="#" ind2="#">
   <subfield code="j">KGT.0018230</subfield>
   <subfield code="j">KGT.0018231</subfield>
   <subfield code="j">KGT.0018233</subfield>
   <subfield code="j">KGT.0033207</subfield>
   <subfield code="j">KGT.0032790</subfield>
   <subfield code="j">KGT.0018227</subfield>
   <subfield code="j">KGT.0018228</subfield>
   <subfield code="j">KGT.0047514</subfield>
   <subfield code="j">KGT.0018229</subfield>
   <subfield code="j">KGT.0018232</subfield>
  </datafield>
  <datafield tag="852" ind1="#" ind2="#">
   <subfield code="b">Kho mượn</subfield>
   <subfield code="j">KGT.0018227</subfield>
  </datafield>
  <datafield tag="910" ind1=" " ind2=" ">
   <subfield code="d">24/07/2011</subfield>
  </datafield>
  <datafield tag="980" ind1="#" ind2="#">
   <subfield code="a">Trung tâm Học liệu Lê Vũ Hùng, Trường Đại học Đồng Tháp</subfield>
  </datafield>
 </record>
</collection>
